00341nam a22001337a 4500003000400000020001800004082001800022100002400040245006700064250000800131260004300139300000800182650001700190SGT a9789367085824 a617.966bM90B aBennett, C. Richard aMonheim's Local Anesthesia and Pain control in dental practice a7th bC.B.S. Publishers & Distributorsc1990 a404 aOral Surgery